| 000 | 00976nam a22002657a 4500 | ||
|---|---|---|---|
| 005 | 20240530110602.0 | ||
| 008 | 161012s2015 ua ao g b 000 0 ara d | ||
| 017 |
_a2014/17483 _bمصر. دار الكتب |
||
| 020 | _a9789774489952 | ||
| 040 |
_aEG-CaGPL _cEG-CaGPL |
||
| 082 | 0 | 4 |
_221 _a153.14\ _bأ ط |
| 100 | 0 | _aأميمة رفعت السيد | |
| 245 | 1 | 2 |
_aالطرق السبعة لتحسين الذاكرة / _cتاليف اميمة رفعت السيد |
| 250 | _aط1. | ||
| 260 |
_aالقاهرة : _bالهيئة المصرية العامة للكتاب ، _c2015 . |
||
| 300 |
_a352 ص : _bايض ؛ _c24 سم . |
||
| 504 | _aببليوجرافية : ص 231 - 254 | ||
| 650 | 0 | 7 |
_2qrmak _aالذاكرة |
| 650 | 0 | 7 |
_2qrmak _aالتذكير |
| 650 | 0 | 7 |
_2qrmak _aتقوية الذاكرة |
| 650 | 0 | 7 |
_2qrmak _aالذاكرة _xاختبار |
| 650 | 0 | 7 |
_2qrmak _aعلم النفس الفسيولوجي |
| 942 |
_2ddc _cBK |
||
| 999 |
_c62694 _d62694 |
||